Oceania Flags - Statistics

General Stats
  • This quiz has been taken 30 times
    26 since last reset
  • The average score is 12 of 14
Answer Stats
Picture Answer % Correct
Australia
100%
New Zealand
95%
Fiji
90%
Marshall Islands
90%
Micronesia
90%
Palau
90%
Nauru
85%
Papua New Guinea
85%
Tonga
85%
Tuvalu
85%
Kiribati
80%
Samoa
80%
Solomon Islands
80%
Vanuatu
80%
No matching quizzes found
Score Distribution
Percent of People with Each Score
Percentile by Number Answered
Your Score History
You have not taken this quiz since the last reset